[Event "Pardubice Czech op-J 29th"]
[Site "Pardubice"]
[Date "2018.07.14"]
[Round "2"]
[White "Lang, Anders"]
[Black "Neuman, Petr"]
[Result "0-1"]
[WhiteElo "1823"]
[BlackElo "2440"]
[PlyCount "118"]
[EventDate "2018.07.13"]
[EventType "swiss"]
[EventRounds "7"]
[EventCountry "CZE"]
[SourceTitle "EXT 2019"]
[Source "ChessBase"]
[SourceDate "2018.10.10"]
[SourceVersion "1"]
[SourceVersionDate "2018.10.10"]
[SourceQuality "1"]

1. e4 c5 2. c3 Nf6 3. e5 Nd5 4. d4 cxd4 5. cxd4 d6 6. Nf3 Nc6 7. Bc4 Nb6 8. Bb3 dxe5 9. d5 Na5 10. Nc3 Nxb3 11. Qxb3 f6 12. Be3 Bd7 13. 0-0 g6 14. Rac1 Bg7 15. Rfd1 0-0 16. d6+ Rf7 17. dxe7 Qxe7 18. Bxb6 axb6 19. Nd5 Qe6 20. Qxb6 Rxa2 21. Qd8+ Qe8 22. Rc8 Rf8 23. Qxe8 Rxe8 24. Rc7 Be6 25. h3 Rxb2 26. Ne3 Kf8 27. Rd6 Re7 28. Rd8+ Kf7 29. Nd5 Bxd5 30. Rxe7+ Kxe7 31. Rxd5 Rb6 32. Rc5 Rc6 33. Rb5 b6 34. Nd2 Ke6 35. Kf1 Bf8 36. Ke2 Kd7 37. Ne4 Be7 38. Rd5+ Ke6 39. Rb5 f5 40. Nd2 Bc5 41. Nc4 Bd4 42. Nd2 Rc2 43. Kd3 Rb2 44. Rxb2 Bxb2 45. Nc4 Bd4 46. f3 Kd5 47. Nd2 b5 48. g4 Bb6 49. Nb3 e4+ 50. fxe4+ fxe4+ 51. Ke2 Bd8 52. Ke3 Bg5+ 53. Ke2 Kc4 54. Na5+ Kc3 55. Nb7 Be7 56. Ke3 b4 57. Na5 Bd8 58. Nc6 b3 59. Nd4 Bb6 0-1

[Event "Olomouc op"]
[Site "Olomouc"]
[Date "2008.07.31"]
[Round "1"]
[White "Lang, Anders"]
[Black "Maslak, Konstantin"]
[Result "0-1"]
[WhiteElo "1920"]
[BlackElo "2521"]
[PlyCount "114"]
[EventDate "2008.07.31"]
[EventType "swiss"]
[EventRounds "9"]
[EventCountry "CZE"]
[SourceTitle "CBM 125 Extra"]
[Source "ChessBase"]
[SourceDate "2008.09.01"]
[SourceVersion "1"]
[SourceVersionDate "2008.09.01"]
[SourceQuality "1"]

1. e4 d5 2. exd5 Nf6 3. d4 Bg4 4. Nf3 Qxd5 5. Nc3 Qh5 6. Be2 Nc6 7. h3 0-0-0 8. Be3 e5 9. d5 e4 10. Ng5 Bxe2 11. Qxe2 Qxe2+ 12. Kxe2 Ne5 13. Ncxe4 Nxe4 14. Nxe4 Rxd5 15. Rhd1 Rb5 16. b3 Ba3 17. c4 Ra5 18. Bd2 Ra6 19. Bc3 Re8 20. Kf1 Nxc4 21. Ng5 f6 22. bxc4 fxg5 23. Bxg7 Re4 24. Re1 Rxc4 25. Re8+ Kd7 26. Rh8 Re6 27. Rd1+ Bd6 28. Bf8 Rh4 29. Rg8 Rg6 30. Rxg6 hxg6 31. Bxd6 cxd6 32. Rd5 g4 33. Rd4 b5 34. f3 Kc6 35. fxg4 Rh8 36. Ke2 Re8+ 37. Kd2 g5 38. g3 Rh8 39. h4 gxh4 40. gxh4 Rxh4 41. Ke3 Kc5 42. Rf4 Rh3+ 43. Rf3 Rh2 44. Rf2 Rxf2 45. Kxf2 b4 46. g5 Kd5 47. Ke3 a5 48. Kd3 a4 49. g6 Ke6 50. Kc4 b3 51. axb3 a3 52. Kc3 d5 53. b4 d4+ 54. Kxd4 a2 55. b5 a1Q+ 56. Kc5 Qe5+ 57. Kb6 Qb8+ 0-1

[Event "Pardubice op-J"]
[Site "Pardubice"]
[Date "2006.07.17"]
[Round "4"]
[White "Gurkin, Anton"]
[Black "Lang, Anders"]
[Result "1-0"]
[WhiteElo "2176"]
[BlackElo "2016"]
[PlyCount "45"]
[EventDate "2006.07.14"]
[EventType "swiss"]
[EventRounds "7"]
[EventCountry "CZE"]
[SourceTitle "CBM 113 Extra"]
[Source "ChessBase"]
[SourceDate "2006.09.14"]
[SourceVersion "1"]
[SourceVersionDate "2006.09.14"]
[SourceQuality "1"]

1. e4 e5 2. Nf3 Nc6 3. d4 exd4 4. Nxd4 Nf6 5. Nxc6 bxc6 6. e5 Qe7 7. Qe2 Nd5 8. c4 Ba6 9. b3 0-0-0 10. Qb2 Nb6 11. Be2 Re8 12. Bf4 g5 13. Bg3 Bg7 14. 0-0 Bxe5 15. Bxe5 Qxe5 16. Nc3 d5 17. Bg4+ f5 18. Bh5 Re7 19. Qa3 Kb7 20. cxd5 Nxd5 21. Nxd5 cxd5 22. Qb4+ Kc8 23. Rae1 1-0

[Event "Olomouc op"]
[Site "Olomouc"]
[Date "2004.07.05"]
[Round "1"]
[White "Lang, Anders"]
[Black "Ramesh, Ramachandran B"]
[Result "0-1"]
[WhiteElo "2036"]
[BlackElo "2484"]
[PlyCount "82"]
[EventDate "2004.07.05"]
[EventType "swiss"]
[EventRounds "9"]
[EventCountry "CZE"]
[SourceTitle "CBM 101 Extra"]
[Source "ChessBase"]
[SourceDate "2004.09.01"]
[SourceVersion "2"]
[SourceVersionDate "2004.09.01"]
[SourceQuality "1"]

1. e4 c5 2. c3 Nf6 3. e5 Nd5 4. Nf3 e6 5. d4 cxd4 6. cxd4 d6 7. Bc4 Nb6 8. Bb3 dxe5 9. dxe5 Qxd1+ 10. Bxd1 Na6 11. 0-0 Bd7 12. a3 Nc5 13. Nc3 Be7 14. Bc2 Rc8 15. Ne4 Nxe4 16. Bxe4 Bc6 17. Bxc6+ Rxc6 18. Be3 0-0 19. Rac1 Rfc8 20. Nd4 Rxc1 21. Rxc1 Rxc1+ 22. Bxc1 Nc4 23. Nf3 Bd8 24. b3 Na5 25. Nd2 Bg5 26. Nc4 Nxc4 27. Bxg5 Nxe5 28. Be3 a6 29. a4 f6 30. h3 Kf7 31. f4 Nc6 32. g4 Na5 33. b4 Nc4 34. Kf2 Nxe3 35. Kxe3 e5 36. f5 Ke7 37. h4 Kd6 38. Ke4 h6 39. h5 Kc6 40. Ke3 Kd5 41. Kd3 b6 0-1